| 000 | 01148nam a22003377a 4500 | ||
|---|---|---|---|
| 003 | CHAP | ||
| 005 | 20230526125620.0 | ||
| 008 | 971013s1985 r 00010 d | ||
| 010 | _a25325 | ||
| 011 | _a26297 | ||
| 035 | _a30398 | ||
| 040 | _cCHAP | ||
| 090 | _aFolleto 9258 | ||
| 110 | 1 |
_aCompañía Nestlé _926074 |
|
| 245 |
_aAsistencia técnica a productores de leche _b: agenda, 1985-19 . |
||
| 260 |
_aMéxico, D.F. : _bNestlé, _c(1985-19 ?) |
||
| 300 |
_av. _b: ilus |
||
| 500 | _aLa biblioteca tiene: 1985, 1986, 1987 | ||
| 590 |
_aBATCH-UPD _b10 _c20130110 _lUCH01 _h1913 |
||
| 590 |
_aBATCH-UPD _b10 _c20130410 _lUCH01 _h1239 |
||
| 590 |
_aBATCH-UPD _b10 _c20130914 _lUCH01 _h1516 |
||
| 590 |
_aCONVERSION _b10 _c20130109 _lUCH01 _h1315 |
||
| 650 | 1 | 4 |
_aGanado lechero. _945237 |
| 650 | 1 | 4 |
_aLeche _xProducción. _965400 |
| 901 | _aBK | ||
| 942 | _cFOLL | ||
| 949 |
_aFolleto 9258 _bBC _cFOLL _d-70549 _eTS1 _f1985 _i30398 _mD _si |
||
| 949 |
_aFolleto 9258 _bBC _cFOLL _d-70551 _eTS2 _f1985 c.2 _i30398 _mD _si |
||
| 949 |
_aFolleto 9258 _bBC _cFOLL _d-70552 _eTS1 _f1986 _i30398 _mD _si |
||
| 949 |
_aFolleto 9258 _bBC _cFOLL _d-70553 _eTS1 _f1987 _i30398 _si |
||
| 999 |
_c25325 _d25325 |
||